000 01280nam a2200289 i 4500
001 bg
946 _c34,00
100 1 _aPotrzebowska, Halina.
245 1 0 _aZabezpieczenia i izolacje :
_b[instrukcja].
_nZ. 10,
_pIzolacje cieplne instalacji sanitarnych i sieci ciepłowniczych /
_c[aut. Halina Potrzebowska ; oprac. red. Danuta Szczepańska].
260 _aWarszawa :
_bInstytut Techniki Budowlanej,
_c2008.
300 _a50, [1] s. ;
_c24 cm.
490 1 _aInstrukcje. Wytyczne. Poradniki / Instytut Techniki Budowlanej ;
_aWarunki Techniczne Wykonania i Odbioru Robót Budowlanych ;
_v439/2008
_vcz. C
490 1 _aWarunki Techniczne Wykonania i Odbioru Robót Budowlanych ;
_vcz. C
650 9 _aIzolacje cieplne
_xbudownictwo
_xnormalizacja
_zPolska
655 _aInstrukcje
700 1 _aSzczepańska, Danuta.
_eOprac.
830 0 _aInstrukcje. Wytyczne. Poradniki - Instytut Techniki Budowlanej ;
_v439/2008
830 _aWarunki Techniczne Wykonania i Odbioru Robót Budowlanych ;
020 _a8373706607 (całość)
020 _a9788324918485 (z. 10)
040 _cBPK
041 0 _apol
044 _aPOL
080 _a696:699.8](083.1)
942 _cKS
008 s pl f |000 0 pol
999 _c49819
_d49819
856 _uhttp://koha.tu.koszalin.pl/cgi-bin/koha/opac-detail.pl?biblionumber=49819
_yKatalog online BPK